[Event "ICS rated blitz match"]
[Site "207.99.83.227"]
[Date "1999.04.07"]
[Round "?"]
[White "Lampie"]
[Black "Hossa"]
[Result "1-0"]
[WhiteElo "2513"]
[BlackElo "2511"]
[Annotator "Crafty v16.6"]
[PlyCount "60"]

{annotating for player Hossa using a scoring margin of +0.10 pawns. search
time limit is 20.00} 1. e4 1... c5 2. Nf3 Nc6 3. Bb5 a6 4. Bxc6 dxc6 5. O-O Bg4
6. d4 Bxf3 ({9:-0.29} 6... Bxf3 7. Qxf3 cxd4 8. Rd1 e5 9. Nd2 Nf6 10. Nc4 Bd6
11. Qf5 $10) ({9:-0.07} 6... cxd4 7. Qxd4 Qxd4 8. Nxd4 O-O-O 9. Be3 e5 10. Nb3
Nf6 11. Nc3 11... h5 $10) 7. Qxf3 cxd4 8. e5 e6 ({8:-0.27} 8... e6 9. Rd1 Qh4
10. Bf4 Bc5 11. b4 Bxb4 12. Rxd4 $10) ({8:+0.01} 8... Qd5 9. Qe2 e6 10. Bf4 Ne7
11. Nd2 Ng6 12. Bg3 $10) 9. Nd2 Ne7 10. Ne4 Ng6 11. Re1 Nxe5 12. Qh5 Bb4 ({
8:-0.39} 12... Bb4 13. Qxe5 Bxe1 14. Qxg7 Rf8 15. Bg5 Qa5 16. Nd6+ Kd7 17. Nxb7
$14) ({8:+1.21} 12... Qd5 13. Ng3 Bd6 14. Ne4 Bb4 15. Bd2 Bxd2 16. Nxd2 16...
Nc4 $17) 13. Qxe5 Bxe1 14. Qxg7 Kd7 ({9:-5.27} 14... Kd7 15. Bf4 Rf8 16. Qxd4+
Ke8 17. Nf6+ Qxf6 18. Qxf6 Bb4 19. Rd1 19... Bc5 $18) ({9:-2.82} 14... Bxf2+
15. Kf1 Kd7 16. Qxf7+ Kc8 17. Qxe6+ Qd7 18. Qe5 Rf8 19. Nxf2 Re8 20. Qc5 $18)
15. Bg5 Bxf2+ 16. Kxf2 Qf8 17. Qxd4+ Kc8 18. Bf4 Rg8 ({8:-7.68} 18... Rg8 19.
Rd1 Qe7 20. Nd6+ Kd7 21. Nxb7+ Kc8 22. Nd6+ Kd7 23. Nf5+ Ke8 24. Nxe7 24...
Kxe7 $18) ({8:-3.96} 18... f6 19. Nd6+ Kd7 20. Nb5+ Ke8 21. Nc7+ Kf7 22. Nxa8
e5 23. Bxe5 23... fxe5 $18) 19. Nd6+ Kd7 20. Nc4+ Ke8 21. Rd1 Rxg2+ ({8:-12.94
} 21... Rxg2+ 22. Kxg2 Qg8+ 23. Kh3 Ke7 24. Qd7+ Kf6 25. Be5+ Kg5 26. Rg1+ Kh5
27. Qd1+ Kh6 28. Bf4+ Qg5 29. Rxg5 $18) ({8:-7.68} 21... Qe7 22. Nd6+ Qxd6 23.
Qxd6 Rg6 24. Qd7+ Kf8 25. Qxb7 Re8 26. Qxc6 26... Rg4 $18) 22. Kxg2 Qg8+ 23.
Kh1 c5 24. Qd7+ Kf8 25. Bh6+ Qg7 26. Rf1 Kg8 27. Bxg7 Rf8 28. Bf6 h5 29. Rg1+
Kh7 30. Rg7+ Kh8 1-0

[Event "ICS rated blitz match"]
[Site "207.99.83.227"]
[Date "1999.04.08"]
[Round "?"]
[White "ducy"]
[Black "Hossa"]
[Result "0-1"]
[WhiteElo "2222"]
[BlackElo "2495"]
[PlyCount "82"]

1. d4 Nf6 2. c4 g6 3. Nc3 Bg7 4. e4 d6 5. f4 O-O 6. Nf3 c5 7. d5 e6 8. Be2 exd5
9. cxd5 Re8 10. O-O Nxe4 11. Nxe4 Rxe4 12. Bd3 Re8 13. f5 Bxf5 14. Bxf5 gxf5
15. Ng5 Bd4+ 16. Kh1 h6 17. Nxf7 Kxf7 18. Qh5+ Kg8 19. Bxh6 Bxb2 20. Qg6+ Kh8
21. Rab1 Bd4 22. Qh5 Qd7 23. Rxb7 Qxb7 24. Qxe8+ Kh7 25. Bd2 Qxd5 26. Qh5+ Kg7
27. Rxf5 Qe6 28. Rg5+ Kf8 29. Rf5+ Ke7 30. Qh7+ Ke8 31. Qh5+ Kd8 32. Ba5+ Kd7
33. Rf7+ Kc6 34. Qf3+ d5 35. h3 Nd7 36. Rf5 Rb8 37. Rh5 Rb1+ 38. Kh2 Be5+ 39.
Rxe5 Qxe5+ 40. Qg3 Rh1+ 41. Kxh1 41... Qxg3 {ducy resigns} 0-1

[Event "ICS rated blitz match"]
[Site "207.99.83.227"]
[Date "1999.04.08"]
[Round "?"]
[White "Hossa"]
[Black "sergor"]
[Result "1/2-1/2"]
[WhiteElo "2500"]
[BlackElo "2322"]
[PlyCount "243"]

1. e4 c5 2. Bc4 e6 3. Nc3 a6 4. a4 Nc6 5. Nf3 Nge7 6. O-O d5 7. exd5 exd5 8.
Ba2 Be6 9. Re1 Qd6 10. Ng5 O-O-O 11. Rxe6 fxe6 12. Nf7 Qd7 13. Nxh8 Nf5 14. Qh5
g6 15. Nxg6 hxg6 16. Qxg6 Nfd4 17. Bb1 Nb4 18. b3 Bd6 19. Ba3 Rh8 20. h3 Bc7
21. Bxb4 cxb4 22. Qf6 Rg8 23. Qxd4 bxc3 24. Qxc3 Qd6 25. g3 Kb8 26. Qf6 Bb6 27.
d4 Rf8 28. Qg7 Rf3 29. a5 Bc7 30. c4 dxc4 31. bxc4 Qb4 32. Be4 Rxf2 33. Rb1 Rb2
34. Rxb2 Qxb2 35. Qf8+ Ka7 36. Qc5+ Kb8 37. Kf1 Qc3 38. h4 Qxg3 39. Qf8+ Ka7
40. Qf2 Qxf2+ 41. Kxf2 Bxa5 42. h5 Bd8 43. Bd3 Bf6 44. Ke3 Kb6 45. Be2 Kc7 46.
c5 b6 47. cxb6+ Kxb6 48. Ke4 Kc6 49. Bxa6 Kd6 50. Bf1 Bg7 51. Bg2 Bh6 52. Bf3
Bg7 53. Kd3 Bh6 54. Ke2 Bg7 55. Ke3 Bh6+ 56. Kd3 Bg7 57. Ke4 Bh6 58. Bg4 Bg7
59. Be2 Bh6 60. Bd3 Bg7 61. Bc4 Bh6 62. Be2 Bg7 63. Bb5 Bh6 64. Bc4 Bg7 65. Bd3
Bh6 66. Bc2 Bg7 67. Bd1 Bh6 68. Ba4 Bg7 69. Be8 Bh6 70. Bb5 Bg7 71. Ba4 Bh6 72.
Be8 Bg7 73. Bg6 Bh6 74. Bf7 Bg7 75. Bg8 Bh6 76. Kd3 Bg7 77. Kc4 Bh6 78. Bh7 Bg7
79. Be4 Bh6 80. Kd3 Bg7 81. Bg2 Bh6 82. Bh1 Bg7 83. Kc4 Bh6 84. Be4 Bg7 85. Bf3
Bh6 86. Bh1 Bg7 87. Kd3 Bh6 88. Bg2 Bg7 89. Be4 Bh6 90. Kc3 Bg7 91. Bb7 Bh6 92.
Kd3 Bg7 93. Ke4 Bh6 94. Kf3 Bg7 95. Ke3 Bh6+ 96. Ke2 Bg7 97. Kd3 Bh6 98. Kc3
Bg7 99. Bh1 Bh6 100. d5 exd5 101. Kd4 Bg7+ 102. Kd3 Ke5 103. Bf3 Bh6 104. Bg4
Bf4 105. Bd1 Bh6 106. Ba4 Bf4 107. Ke2 Bh6 108. Bc2 Bf4 109. Kf3 Bh6 110. Kg4
Bd2 111. Bf5 Bh6 112. Bd3 Kd4 113. Bf1 Kc3 114. Kf5 d4 115. Kg6 Be3 116. h6
Bxh6 117. Kxh6 d3 118. Kh7 d2 119. Be2 Kc2 120. Kh8 Kc1 121. Kg8 d1=Q 122. Bxd1
{Game drawn because neither player has mating material} 1/2-1/2

[Event "ICS rated blitz match"]
[Site "207.99.83.227"]
[Date "1999.04.08"]
[Round "?"]
[White "Hossa"]
[Black "chuckmoli"]
[Result "1-0"]
[WhiteElo "2492"]
[BlackElo "2296"]
[PlyCount "45"]

1. e4 c6 2. Nc3 d5 3. exd5 cxd5 4. Nf3 Nc6 5. Bb5 Nf6 6. Ne5 Bd7 7. Nxd7 Qxd7
8. O-O d4 9. Ne2 e6 10. Bxc6 bxc6 11. c3 c5 12. d3 Be7 13. cxd4 cxd4 14. Bf4
O-O 15. Be5 Bd6 16. Bxd4 Qb5 17. Bxf6 gxf6 18. Rb1 Rfd8 19. d4 Qh5 20. f4 Bc5
21. Qd3 Qd5 22. Qg3+ Kh8 23. dxc5 {chuckmoli resigns} 1-0

[Event "ICS rated blitz match"]
[Site "207.99.83.227"]
[Date "1999.04.08"]
[Round "?"]
[White "chuckmoli"]
[Black "Hossa"]
[Result "1-0"]
[WhiteElo "2291"]
[BlackElo "2499"]
[Annotator "Crafty v16.6"]
[PlyCount "68"]

{annotating for player Hossa using a scoring margin of +0.10 pawns. search
time limit is 20.00} 1. d4 1... Nf6 2. c4 g6 3. f4 d6 4. Nc3 Bg4 5. h3 Bf5 6.
g4 Bc8 7. Bg2 Nbd7 8. Nf3 Nb6 9. b3 Bg7 10. e4 O-O ({7:-0.14} 10... O-O 11. e5
dxe5 12. fxe5 Ne8 13. Bg5 a5 14. Qd3 $10) ({7:-0.02} 10... c5 11. e5 Nfd7 12.
exd6 O-O 13. Nb5 exd6 14. Nxd6 cxd4 15. Nxd4 $10) 11. e5 Ne8 12. O-O Be6 ({
7:+0.00} 12... Be6 13. Ng5 Bc8 14. Nf3 $10) ({7:+0.37} 12... Bd7 13. Qd3 Bc6
14. exd6 cxd6 15. f5 Rc8 16. fxg6 16... fxg6 $15) 13. d5 Bd7 14. Bb2 c5 ({
8:-0.12} 14... c5 15. Qd3 Bc8 16. Rae1 dxe5 17. fxe5 Bd7 18. Ne4 18... Rc8 $10)
({8:+0.17} 14... c6 15. Qd4 cxd5 16. cxd5 Rc8 17. Rac1 Rc5 18. Ng5 18... Nc7
$10) 15. Qe2 Bh6 16. e6 fxe6 17. dxe6 Bc6 18. Ng5 Bxg2 ({8:-0.71} 18... Bxg2
19. Qxg2 Qc8 20. Nd5 Nxd5 21. cxd5 Qc7 22. Nf7 Bg7 23. Bxg7 23... Nxg7 $16) ({
8:-0.51} 18... Bxg5 19. fxg5 Nc7 20. Bxc6 bxc6 21. h4 Rxf1+ 22. Rxf1 d5 23. Qf3
d4 24. Qf7+ 24... Kh8 $14) 19. Qxg2 Bxg5 20. fxg5 Ng7 ({8:-0.96} 20... Ng7 21.
Rxf8+ Qxf8 22. Qe4 Qd8 23. Rf1 Qe8 24. Nd5 Rb8 25. Nc7 $16) ({8:-0.85} 20...
Nc7 21. Qe4 Rb8 22. Rxf8+ Qxf8 23. Rf1 Qe8 24. Nd5 Ncxd5 25. cxd5 25... Rd8 $16
) 21. Qe4 Qc7 ({8:-1.72} 21... Qc7 22. Nb5 Qd8 23. Rxf8+ Qxf8 24. Rf1 Qd8 25.
Rf7 $18) ({8:-1.18} 21... Rc8 22. Rxf8+ Qxf8 23. Rf1 Qe8 24. Qxb7 Nxe6 25. Qxa7
Rb8 26. Ne4 $16) 22. Nd5 Nxd5 23. cxd5 Rae8 ({7:-1.02} 23... Rae8 24. Qa4 Ra8
25. Rxf8+ Rxf8 26. Qxa7 Rf3 27. Qa8+ Rf8 28. Qa7 $16) ({7:-0.84} 23... b5 24.
a4 b4 25. Rac1 a5 26. Rxf8+ Rxf8 27. Bxg7 Kxg7 28. Kh1 $16) 24. Qe3 Qa5 25. Bc3
Rxf1+ ({8:-4.54} 25... Rxf1+ 26. Rxf1 Qxa2 27. Qf3 Nf5 28. gxf5 Rf8 29. f6 exf6
30. gxf6 30... Qxb3 $18) ({8:-1.05} 25... Qd8 26. Qe2 Rxf1+ 27. Rxf1 Rf8 28.
Qb5 Rxf1+ 29. Kxf1 Qf8+ 30. Ke2 Qc8 31. Qd3 31... Qc7 $16) 26. Rxf1 Qxa2 27.
Rf7 Nf5 28. gxf5 Qb1+ 29. Kh2 Qc2+ ({8:-11.93} 29... Qc2+ 30. Kg3 Rc8 31. Rxe7
Qxf5 32. Rg7+ Kf8 33. e7+ Ke8 34. Rg8+ Kd7 35. Rxc8 Kxc8 36. e8=Q+ Kc7 37.
Q3e7+ Kb6 38. Qxd6# $18) ({8:-5.31} 29... Rc8 $18) 30. Kg3 Qd2 31. Qxd2 Rf8 32.
fxg6 hxg6 33. Qf4 Rd8 34. Rg7+ Kh8 1-0

[Event "ICS rated blitz match"]
[Site "207.99.83.227"]
[Date "1999.04.08"]
[Round "?"]
[White "Hossa"]
[Black "Proteus"]
[Result "1-0"]
[WhiteElo "2474"]
[BlackElo "2111"]
[PlyCount "27"]

1. e4 g6 2. Be2 Bg7 3. Nc3 d6 4. Nf3 Nf6 5. O-O O-O 6. d4 Nc6 7. d5 Ne5 8. Nxe5
dxe5 9. f4 exf4 10. Bxf4 Nd7 11. Kh1 Ne5 12. Qe1 e6 13. Qg3 Qf6 14. Bg5 {
Proteus resigns} 1-0

[Event "ICS rated blitz match"]
[Site "207.99.83.227"]
[Date "1999.04.08"]
[Round "?"]
[White "joasia"]
[Black "Hossa"]
[Result "0-1"]
[WhiteElo "2186"]
[BlackElo "2478"]
[PlyCount "70"]

1. f4 Nc6 2. Nf3 d5 3. b3 Nf6 4. Bb2 e6 5. e3 Bc5 6. Bb5 O-O 7. Bxc6 bxc6 8.
Ne5 Bb7 9. O-O Ne4 10. d3 Bxe3+ 11. Kh1 Nf2+ 12. Rxf2 Bxf2 13. Nd2 Be3 14. Ndf3
Bxf4 15. Qe2 Qe7 16. Rf1 c5 17. h3 Bg3 18. d4 cxd4 19. Bxd4 f6 20. Ng4 e5 21.
Bb2 Qd6 22. Rd1 e4 23. Nd4 Rae8 24. c3 c5 25. Nb5 Qb8 26. a4 a6 27. Na3 Bc6 28.
Qc2 e3 29. Nxe3 Rxe3 30. Bc1 Re4 31. c4 Rfe8 32. Bd2 d4 33. Nb1 Re2 34. Qd3
Bxg2+ 35. Kg1 35... Bh2# {joasia checkmated} 0-1

[Event "ICS rated blitz match"]
[Site "207.99.83.227"]
[Date "1999.04.08"]
[Round "?"]
[White "Hossa"]
[Black "chancho"]
[Result "1-0"]
[WhiteElo "2483"]
[BlackElo "2145"]
[PlyCount "39"]

1. e4 e6 2. Nf3 d5 3. exd5 exd5 4. d4 Bd6 5. Bb5+ c6 6. Bd3 Nf6 7. Bg5 h6 8.
Bxf6 Qxf6 9. O-O O-O 10. Nbd2 Bg4 11. c3 Nd7 12. Re1 Rfe8 13. Qa4 Qf4 14. Rxe8+
Rxe8 15. Qxa7 g5 16. Qxb7 Bxf3 17. Nxf3 g4 18. Qxd7 gxf3 19. Qxe8+ Kg7 20. g3 {
chancho resigns} 1-0

[Event "ICS Rated blitz match"]
[Site "207.99.83.227"]
[Date "1999.04.08"]
[Round "?"]
[White "chancho"]
[Black "Hossa"]
[Result "0-1"]
[WhiteElo "2155"]
[BlackElo "2487"]
[PlyCount "154"]

1. d4 Nf6 2. Bg5 d5 3. Bxf6 exf6 4. e3 Bb4+ 5. c3 Be7 6. g3 O-O 7. Bg2 Qd7 8.
Ne2 Qb5 9. b3 Bf5 10. O-O Bd3 11. Re1 f5 12. Nf4 Be4 13. Nd2 Bxg2 14. c4 Qa5
15. Kxg2 Bb4 16. Re2 Bc3 17. Rc1 c6 18. cxd5 cxd5 19. Nb1 Bb4 20. Rec2 Nc6 21.
Qd3 Bd6 22. Qxf5 Bxf4 23. gxf4 Nb4 24. Rd2 Nxa2 25. Rc5 Qa6 26. Rxd5 Nc1 27.
Qc2 Qc6 28. Qxc6 bxc6 29. Rd7 Nxb3 30. Ra2 a5 31. Nd2 Nxd2 32. Rxd2 Rfd8 33.
Rxd8+ Rxd8 34. Ra2 Rd5 35. Kf3 Rh5 36. Ke4 g6 37. f3 Rb5 38. Rc2 Rb6 39. Ra2
Rb3 40. f5 Rb5 41. fxg6 hxg6 42. Rc2 Rb6 43. Ra2 Ra6 44. Ke5 a4 45. Kd6 Kg7 46.
e4 a3 47. f4 Ra4 48. d5 cxd5 49. exd5 Kf6 50. Kc5 Ra5+ 51. Kc6 Ra6+ 52. Kc5 Ke7
53. Re2+ Kd7 54. Ra2 Ra5+ 55. Kb4 Rxd5 56. Rxa3 Rd4+ 57. Kc5 Rxf4 58. Kd5 Rf5+
59. Ke4 Rc5 60. Rd3+ Ke6 61. Kf3 f5 62. Kg3 Rd5 63. Re3+ Re5 64. Rf3 Re4 65.
Rb3 g5 66. Rc3 Kd5 67. Rd3+ Rd4 68. Ra3 Ke4 69. Kg2 Rd2+ 70. Kg3 Rd3+ 71. Rxd3
Kxd3 72. h4 gxh4+ 73. Kxh4 Ke3 74. Kg3 f4+ 75. Kg2 f3+ 76. Kf1 f2 77. Kg2 77...
Ke2 {chancho resigns} 0-1

[Event "ICS rated blitz match"]
[Site "207.99.83.227"]
[Date "1999.04.08"]
[Round "?"]
[White "Hossa"]
[Black "ColonialPast"]
[Result "1/2-1/2"]
[WhiteElo "2491"]
[BlackElo "2127"]
[PlyCount "75"]

1. e4 c6 2. Nc3 d5 3. exd5 cxd5 4. Nf3 Nf6 5. Bb5+ Bd7 6. O-O e6 7. Ne5 a6 8.
Nxd7 Nbxd7 9. Bxd7+ Qxd7 10. d3 Be7 11. Bg5 O-O 12. Qe2 h6 13. Bh4 Rfe8 14.
Rae1 Qc6 15. Qe3 Nd7 16. Bxe7 Rxe7 17. Kh1 Ree8 18. Qf4 b5 19. Re2 a5 20. Rfe1
b4 21. Nd1 Rac8 22. Ne3 Red8 23. Qh4 Nf8 24. Qd4 Qc5 25. Qg4 Qb6 26. d4 Nd7 27.
Qf4 Qc7 28. Qh4 Nf6 29. Kg1 Ne4 30. f3 Nd6 31. Kh1 Nc4 32. Nd1 Qa7 33. Rf2 Rd7
34. Qg4 Rdc7 35. Rfe2 Nd6 36. Ne3 Nc4 37. Nd1 Nd6 38. Ne3 {
Game drawn by mutual agreement} 1/2-1/2

[Event "ICS rated blitz match"]
[Site "207.99.83.227"]
[Date "1999.04.08"]
[Round "?"]
[White "ColonialPast"]
[Black "Hossa"]
[Result "0-1"]
[WhiteElo "2139"]
[BlackElo "2479"]
[PlyCount "82"]

1. e4 c5 2. Nf3 Nc6 3. d4 cxd4 4. Nxd4 Qb6 5. Nxc6 Qxc6 6. Bd3 Nf6 7. Nc3 e5 8.
O-O Bb4 9. Bd2 Bxc3 10. Bxc3 d6 11. Qe2 O-O 12. f4 Bg4 13. Qe3 Rfe8 14. fxe5
dxe5 15. Qg5 Bd7 16. Rae1 Qc5+ 17. Kh1 Ng4 18. Qh4 Rad8 19. h3 Nf6 20. Rxf6
gxf6 21. Qxf6 Qe7 22. Qh6 Qe6 23. Qh4 f6 24. Rf1 Rf8 25. b3 Qd6 26. Qh6 Rc8 27.
Bb2 Rc6 28. Rf3 Rf7 29. Rg3+ Kh8 30. Kh2 Qf8 31. Qh5 Rg7 32. Rxg7 Qxg7 33. Bc1
Be6 34. Bh6 Qg8 35. Qh4 Qg6 36. g4 Rc3 37. Kg2 Kg8 38. g5 fxg5 39. Bxg5 Rc7 40.
Qh6 Rg7 41. h4 41... Qxh6 {ColonialPast resigns} 0-1

[Event "ICS Rated blitz match"]
[Site "207.99.83.227"]
[Date "1999.04.08"]
[Round "?"]
[White "Hossa"]
[Black "ColonialPast"]
[Result "1-0"]
[WhiteElo "2483"]
[BlackElo "2135"]
[PlyCount "73"]

1. e4 c6 2. Nc3 d5 3. exd5 cxd5 4. Nf3 Nf6 5. Bb5+ Bd7 6. O-O e6 7. Re1 Bd6 8.
Bd3 O-O 9. Ne5 Qc7 10. Qe2 Bc6 11. Bb5 Nbd7 12. Nf3 a6 13. Bxc6 bxc6 14. d4 h6
15. Kh1 c5 16. h3 c4 17. Bd2 Rab8 18. Rab1 Rb7 19. Qe3 Rfb8 20. b3 cxb3 21.
cxb3 Ba3 22. Qd3 Qd6 23. Ne5 Rc7 24. Qg3 Rbc8 25. Bxh6 Nh5 26. Qf3 Nxe5 27.
dxe5 Qf8 28. Bd2 g6 29. Qd3 Ng7 30. b4 Rc4 31. Nxd5 exd5 32. Qxa3 Ne6 33. Qxa6
Rc2 34. Rbd1 Ra8 35. Qd3 Raxa2 36. Qxd5 Qc8 37. Be3 {ColonialPast resigns} 1-0

[Event "ICS rated blitz match"]
[Site "207.99.83.227"]
[Date "1999.04.08"]
[Round "?"]
[White "ColonialPast"]
[Black "Hossa"]
[Result "1-0"]
[WhiteElo "2131"]
[BlackElo "2487"]
[Annotator "Crafty v16.6"]
[PlyCount "62"]

{annotating for player Hossa using a scoring margin of +0.10 pawns. search
time limit is 20.00} 1. e4 1... c5 2. Nf3 Nc6 3. d4 cxd4 4. Nxd4 Qb6 5. Nxc6
Qxc6 6. Bd3 Nf6 7. Nc3 e5 ({9:-0.58} 7... e5 8. O-O Be7 9. Bb5 Qe6 10. Nd5 O-O
11. Nxe7+ Qxe7 12. Bg5 12... Rd8 $14) ({9:-0.33} 7... e6 8. O-O Bd6 9. Nb5 O-O
10. Nxd6 Qxd6 11. Qe2 Qd4 12. e5 $14) 8. O-O Bb4 9. Bd2 Bxc3 ({8:-0.61} 9...
Bxc3 10. Bxc3 d6 11. Qd2 O-O 12. Rae1 Bg4 13. Qg5 13... Qd7 $14) ({8:-0.44} 
9... Be7 10. Be3 O-O 11. Nd5 Bd8 12. Nxf6+ Bxf6 13. Qh5 Qe6 14. Bc5 $14) 10.
Bxc3 d6 11. Qe2 O-O 12. f4 Bg4 13. Qe3 Be6 14. f5 Bc4 15. Bb4 Bxd3 16. cxd3 Ng4
17. Qe2 Qb6+ 18. Kh1 Nxh2 19. Kxh2 Qxb4 20. f6 g5 ({8:-0.81} 20... g5 21. Rf5
Kh8 22. Rxg5 Rg8 23. Rh5 Rg6 24. Rf5 $16) ({8:+0.30} 20... Qd4 21. fxg7 Kxg7
22. Rac1 Qb6 23. Rf5 Kh8 24. Rc4 Qd8 25. Qh5 $10) 21. Qh5 Kh8 22. Kg3 Qd2 23.
Rf3 g4 24. Rh1 Qe1+ 25. Rxe1 gxf3 26. Kxf3 Rg8 27. Rh1 Rg7 28. fxg7+ Kxg7 29.
Qh6+ Kg8 30. Rh3 f6 31. Qxh7+ Kf8 1-0

[Event "ICS rated blitz match"]
[Site "207.99.83.227"]
[Date "1999.04.08"]
[Round "?"]
[White "Hossa"]
[Black "StupidMeat"]
[Result "0-1"]
[WhiteElo "2459"]
[BlackElo "2358"]
[Annotator "Crafty v16.6"]
[PlyCount "56"]

{annotating for player Hossa using a scoring margin of +0.10 pawns. search
time limit is 20.00} 1. e4 1... c5 2. Bc4 Nc6 3. a3 ({8:-0.28} 3. a3 3... Nf6
4. Nc3 Na5 5. Be2 e5 6. Nf3 6... Bd6 $10) ({8:+0.03} 3. Nf3 3... e5 4. Nc3 d6
5. Nb5 Bg4 6. h3 6... Na5 $10) 3... Nf6 4. Nc3 e6 5. Nf3 Nxe4 6. Nxe4 d5 7. Qe2
dxc4 8. Qxc4 Qd5 9. Qxd5 exd5 10. Nc3 Bg4 11. Nxd5 O-O-O 12. c4 ({10:-1.27} 12.
c4 12... Bxf3 13. gxf3 Ne5 14. b3 Nxf3+ 15. Kd1 Bd6 16. Bb2 f6 17. b4 Bxh2 18.
bxc5 $17) ({10:-1.10} 12. Ne3 12... Bxf3 13. gxf3 Nd4 14. b4 Nxf3+ 15. Ke2 Nd4+
16. Kd1 Kb8 17. bxc5 Bxc5 18. Bb2 18... Ne6 $17) 12... Bxf3 13. gxf3 Ne5 14. b3
Bd6 15. Kf1 ({9:-1.32} 15. Kf1 15... Rhe8 16. Kg2 Nd3 17. Rd1 Ne1+ 18. Kh1 Nxf3
19. Bb2 Bxh2 20. Bxg7 $17) ({9:-1.01} 15. Kd1 15... Nxf3 16. Bb2 Rhg8 17. Ke2
Ng5 18. b4 cxb4 19. axb4 Rge8+ 20. Kd1 $17) 15... Rhe8 16. Kg2 ({9:-1.13} 16.
Kg2 16... Nd3 17. Ne3 Bf4 18. Rd1 Nxf2 19. Kxf2 Bxe3+ 20. Kg3 20... Rd3 $17) ({
9:-0.88} 16. Bb2 16... Nxf3 17. Rd1 Re6 18. Kg2 Nh4+ 19. Kh3 Nf5 20. Rhe1 Rh6+
21. Kg4 $17) 16... Nd3 17. Ra2 ({8:-1.66} 17. Ra2 17... Re2 18. Rf1 Ne1+ 19.
Kh1 Nxf3 20. h3 Be5 21. Rc2 $19) ({8:-1.19} 17. Ne3 17... Be5 18. Rb1 Nxc1 19.
Rbxc1 Rxd2 20. Rhd1 Re2 21. Nd5 $17) 17... Re2 18. Rf1 Ne1+ 19. Kh1 Nxf3 20. h3
({9:-1.84} 20. h3 20... Be5 21. Kg2 Ne1+ 22. Kh1 Nd3 23. f4 Bd4 24. b4 Nf2+ 25.
Kh2 $19) ({9:-1.56} 20. Nc3 20... Re5 21. h3 Rh5 22. Kg2 Nh4+ 23. Kg1 Nf5 24.
Nb5 Rxh3 25. Nxa7+ $19) 20... Rde8 21. Kg2 Nh4+ 22. Kg1 R8e6 23. a4 ({8:-Mat06
} 23. a4 23... Rg6+ 24. Kh1 Rg2 25. Ne7+ Kd7 26. Rd1 Rh2+ 27. Kg1 Nf3+ 28. Kf1
28... Rexf2# $19) ({8:-3.41} 23. f4 $19) 23... Rg6+ 24. Kh1 Rg2 25. Nb6+ axb6
26. Rd1 Rh2+ 27. Kg1 Nf3+ 28. Kf1 Rexf2# 0-1

[Event "ICS rated blitz match"]
[Site "207.99.83.227"]
[Date "1999.04.08"]
[Round "?"]
[White "blunite"]
[Black "Hossa"]
[Result "0-1"]
[WhiteElo "2329"]
[BlackElo "2438"]
[PlyCount "32"]

1. e4 c5 2. Nf3 Nc6 3. d4 cxd4 4. Nxd4 Qb6 5. Nb3 Nf6 6. Nc3 e6 7. Bd3 Bb4 8.
O-O Bxc3 9. bxc3 Qc7 10. a4 d5 11. f3 O-O 12. Ba3 Rd8 13. Qe1 dxe4 14. fxe4 Ne5
15. Rd1 Nfg4 16. Kh1 16... Nxd3 {blunite resigns} 0-1

[Event "ICS rated blitz match"]
[Site "207.99.83.227"]
[Date "1999.04.08"]
[Round "?"]
[White "Hossa"]
[Black "blunite"]
[Result "0-1"]
[WhiteElo "2449"]
[BlackElo "2318"]
[Annotator "Crafty v16.6"]
[PlyCount "162"]

{annotating for player Hossa using a scoring margin of +0.10 pawns. search
time limit is 20.00} 1. e4 1... e6 2. Nf3 d5 3. exd5 exd5 4. Bb5+ c6 5. Be2 Bf5
6. O-O ({8:+0.52} 6. O-O 6... Bd6 7. Re1 Ne7 8. Nd4 O-O 9. Nxf5 Nxf5 10. Nc3
$14) ({8:+0.81} 6. Nd4 6... Be4 7. O-O Qf6 8. Nf3 d4 9. Ne1 9... Qf4 $16) 6...
Nd7 7. Re1 Be7 8. Nd4 Bg6 9. d3 ({8:+0.41} 9. d3 9... Ngf6 10. Nf3 O-O 11. Nh4
Ne5 12. Nxg6 Nxg6 13. Nc3 $14) ({8:+0.65} 9. Bh5 9... Qb6 10. Nb3 O-O-O 11. Nc3
Qc7 12. d3 12... Kb8 $14) 9... Ngf6 10. Bg5 O-O 11. Bf3 h6 12. Be3 ({9:+0.09} 
12. Be3 12... Ne5 13. Be2 Re8 14. Nc3 c5 15. Nb3 d4 16. Bf4 dxc3 17. Bxe5 cxb2
18. Bxb2 $10) ({9:+0.37} 12. Bf4 12... Qb6 13. Nb3 Qb4 14. Bg3 Rae8 15. N1d2
Bd6 16. c3 $14) 12... Bd6 13. Ne2 ({8:-0.09} 13. Ne2 13... Ne5 14. Nd2 Nxf3+
15. Nxf3 Re8 16. Nh4 Bh5 17. Nf5 17... Be5 $10) ({8:+0.12} 13. Nc3 13... Ne5
14. Be2 Re8 15. Rc1 Qd7 16. Qd2 16... Nfg4 $10) 13... Qc7 14. Ng3 Rae8 15. Nc3
b6 16. Nce2 Re7 17. Rc1 Rfe8 18. d4 Rxe3 19. fxe3 Rxe3 20. Qd2 Re8 21. Rf1 ({
8:+0.01} 21. Rf1 21... Ne4 22. Bxe4 dxe4 23. Rce1 e3 24. Qc3 b5 25. Rf3 $10) ({
8:+0.30} 21. c4 21... Ne4 22. Qe3 Nef6 23. Qb3 Bf4 24. Nxf4 Rxe1+ 25. Rxe1
25... Qxf4 $10) 21... b5 22. Rce1 Rf8 23. Rf2 a6 24. Kh1 Qb6 25. c3 Qc7 26.
Ref1 Kh7 27. Kg1 ({9:+0.23} 27. Kg1 27... Kg8 28. Re1 Nb6 29. b3 Re8 30. Rff1
Ne4 31. Qe3 $10) ({9:+0.35} 27. b3 27... Kg8 28. Kg1 Re8 29. Re1 Ne4 30. Bxe4
dxe4 31. Qe3 31... a5 $14) 27... Rd8 28. Re1 Rf8 29. Rff1 Rd8 30. a3 Rf8 31.
Kh1 Rd8 32. b4 Rf8 33. Qe3 Re8 34. Qg1 Rd8 35. Rf2 Rf8 36. Nf1 Ne4 37. Bxe4
dxe4 38. Neg3 f5 39. Ne2 f4 40. Nc1 Rf6 41. Ra2 Nb6 42. Ne2 Nc4 43. a4 Bf7 44.
axb5 axb5 45. Nc1 Bd5 46. Nd2 Nxd2 47. Rxd2 f3 48. gxf3 exf3 49. Rf2 Rg6 50.
Qf1 Bxh2 51. Rd1 Bg3 52. c4 bxc4 53. Nd3 cxd3 54. Rxf3 Rf6 55. Rdxd3 Qf7 56.
Kg2 Rxf3 57. Rxf3 Bd6 58. Qd3+ Kh8 59. Kf2 Qxf3+ 60. Qxf3 Bxf3 61. Kxf3 Bxb4
62. Ke4 Bd6 63. Kf5 g5 64. Ke6 Bf4 65. Kf5 Kg7 66. Ke4 Kf6 67. Kf3 Kf5 68. Kf2
Ke4 69. Kg1 g4 70. Kg2 Kxd4 71. Kf2 c5 72. Ke2 c4 73. Kd1 c3 74. Kc2 Kc4 75.
Kd1 h5 76. Kc2 h4 77. Kd1 h3 78. Ke1 Kd3 79. Kf2 c2 80. Kf1 g3 81. Kg1 c1=Q#
0-1

[Event "ICS rated blitz match"]
[Site "207.99.83.227"]
[Date "1999.04.08"]
[Round "?"]
[White "dillyman"]
[Black "Hossa"]
[Result "0-1"]
[WhiteElo "2179"]
[BlackElo "2427"]
[PlyCount "34"]

1. d4 Nf6 2. c4 g6 3. Nc3 Bg7 4. e4 d6 5. Be2 O-O 6. Bg5 c5 7. d5 Qa5 8. Qd2
Qb4 9. f3 Nbd7 10. g4 Nb6 11. a3 Qb3 12. h4 Nxc4 13. Bxc4 Qxc4 14. Nge2 b5 15.
Rc1 b4 16. Nd1 Qb3 17. axb4 17... Qxf3 {dillyman resigns} 0-1

[Event "ICS rated blitz match"]
[Site "207.99.83.227"]
[Date "1999.04.08"]
[Round "?"]
[White "Hossa"]
[Black "nimraz"]
[Result "1/2-1/2"]
[WhiteElo "2433"]
[BlackElo "2376"]
[PlyCount "152"]

1. e4 g6 2. Be2 Bg7 3. Nc3 d6 4. Nf3 c5 5. O-O Nf6 6. d4 cxd4 7. Nxd4 O-O 8.
Bg5 Bd7 9. Rc1 Nc6 10. Nxc6 Bxc6 11. Bd3 Qa5 12. Qd2 Rfc8 13. Rcd1 b5 14. Bh6
b4 15. Bxg7 bxc3 16. Qh6 Ng4 17. Bxc3 Qxc3 18. Qg5 Qxb2 19. Qxg4 Qxa2 20. Qg5
Qe6 21. f3 Qe5 22. Qh6 Qg7 23. Qg5 Qe5 24. Qh6 a5 25. Rf2 a4 26. f4 Qg7 27. Qg5
a3 28. e5 dxe5 29. fxe5 a2 30. Ra1 Rcb8 31. Qxe7 Rb1+ 32. Rf1 Re8 33. Qc5 Rxf1+
34. Bxf1 Qxe5 35. Qxc6 Qd4+ 36. Kh1 Qxa1 37. Qxe8+ Kg7 38. Qe2 Qc3 39. Qd1 a1=Q
40. Qxa1 Qxa1 41. Kg1 h5 42. Kf2 Qd4+ 43. Ke1 Qc3+ 44. Kd1 h4 45. Bd3 Kf6 46.
h3 g5 47. Ke2 Ke5 48. Kf1 f5 49. Ke2 f4 50. Kf1 Kd4 51. Ke2 Qb2 52. Kf3 Qc1 53.
Bb5 Qd2 54. c4 Qe3+ 55. Kg4 Qg3+ 56. Kh5 Qxg2 57. Ba6 f3 58. c5 Qxh3 59. c6 f2
60. c7 f1=Q 61. Bxf1 Qf3+ 62. Kxg5 Qc6 63. c8=Q Qxc8 64. Be2 Ke3 65. Bg4 Qd8+
66. Kf5 Kf2 67. Kg6 Kg3 68. Bf5 h3 69. Bc2 h2 70. Kg7 Qc7+ 71. Kg8 Qxc2 72. Kf7
h1=Q 73. Ke7 Qd5 74. Kf6 Qce4 75. Kg7 Qde6 76. Kh8 76... Q4g6 {Hossa stalemated
} 1/2-1/2

[Event "ICS rated blitz match"]
[Site "207.99.83.227"]
[Date "1999.04.08"]
[Round "?"]
[White "Hossa"]
[Black "nimraz"]
[Result "1-0"]
[WhiteElo "2444"]
[BlackElo "2365"]
[PlyCount "57"]

1. e4 g6 2. Be2 Bg7 3. Nc3 c5 4. Nf3 Nf6 5. O-O Nc6 6. d4 cxd4 7. Nxd4 Nxe4 8.
Nxc6 Nxc3 9. Nxd8 Nxd1 10. Nxf7 Kxf7 11. Rxd1 d6 12. c3 Bd7 13. Bg5 Rac8 14.
Re1 Rhe8 15. Bf3 Bc6 16. Bd1 Bd5 17. Be3 a6 18. Ba4 b5 19. Bb3 Bc4 20. Bg5 Bf6
21. Bxf6 Kxf6 22. Rad1 Rc5 23. Bxc4 bxc4 24. Rxd6+ exd6 25. Rxe8 Rd5 26. h4
Rd1+ 27. Kh2 Rd2 28. Rb8 Rxf2 29. Rf8+ {nimraz resigns} 1-0